Normal view
MARC view
Entry Personal Name
001 - CONTROL NUMBER
- control field: 87302
003 - CONTROL NUMBER IDENTIFIER
- control field: dpl
005 - DATE AND TIME OF LATEST TRANSACTION
- control field: 20260211155747.0
008 - FIXED-LENGTH DATA ELEMENTS
- fixed length control field: 260211|| aca||aabn | a|a d
040 ## - CATALOGING SOURCE
- Original cataloging agency: dpl
- Transcribing agency: dpl
100 ## - HEADING--PERSONAL NAME
- Personal name: Krishna, Vaishali
670 ## - SOURCE DATA FOUND
- Source citation: Work cat.: (dpl)214809: Krishna, Vaishali, Geopolitics and Security in Europe/, 2026
